000 nam a22 7a 4500
999 _c1150
_d1150
005 20170508144053.0
008 170508b1977 my ||||| |||| 00| 0 may d
020 _a9836100415
040 _aAKMAL
082 _a297.14 PET
090 _a297.14
_bPET
245 _aPetunjuk Ke Jalan Lurus /
_cditerjemah oleh H. Salim Bahreisy
260 _aKlang, Selangor
_bKlang Book Centre
300 _a806ms
_ccm
942 _2ddc
_cBOOK